|
|
|
|
| LEADER |
00000nasaa2200000 i 4500 |
| 001 |
ssj0000912429 |
| 003 |
WaSeSS |
| 005 |
20200512172242.0 |
| 006 |
m d |
| 007 |
cr n |
| 008 |
120530c20109999aa fr p s 0 0eng c |
| 010 |
|
|
|a 2014238526
|
| 022 |
|
|
|a 2309-1088
|l 2079-3715
|y 2079-3715
|
| 035 |
|
|
|a (WaSeSS)ssj0000912429
|
| 040 |
|
|
|a CNCGM
|b eng
|c CNCGM
|d CUS
|d OCLCF
|d IUL
|d OCLCO
|d OCL
|d VT2
|d OCLCA
|d WaSeSS
|
| 042 |
|
|
|a pcc
|
| 050 |
|
4 |
|a H62.5
|b .A1
|
| 130 |
0 |
|
|a Academicus (Vlorë, Albania : Online)
|
| 222 |
|
0 |
|a Academicus
|b (Online)
|
| 245 |
1 |
0 |
|a Academicus
|h [electronic resource] :
|b international scientific journal.
|
| 246 |
1 |
|
|a Academicus international scientific journal
|
| 260 |
|
|
|a Vlorë :
|b Academicus
|
| 310 |
|
|
|a Two times a year
|
| 362 |
1 |
|
|a Began in 2010.
|
| 506 |
|
|
|a License restrictions may limit access.
|
| 588 |
|
|
|a Description based on Nr 1 (2010); title from contents page (publisher's website, viewed June 3, 2014).
|
| 588 |
|
|
|a Latest issue consulted: Nr. 9 (2014) (viewed June 3, 2014).
|
| 650 |
|
0 |
|a Social sciences
|v Periodicals.
|
| 650 |
|
0 |
|a Social sciences
|z Albania
|v Periodicals.
|
| 650 |
|
0 |
|a Political science
|z Albania
|v Periodicals.
|
| 650 |
|
0 |
|a Sociology
|z Albania
|v Periodicals.
|
| 650 |
|
0 |
|a Science
|v Periodicals.
|
| 650 |
|
7 |
|a Political science.
|2 fast
|0 (OCoLC)fst01069781
|
| 650 |
|
7 |
|a Science.
|2 fast
|0 (OCoLC)fst01108176
|
| 650 |
|
7 |
|a Social sciences.
|2 fast
|0 (OCoLC)fst01122877
|
| 650 |
|
7 |
|a Sociology.
|2 fast
|0 (OCoLC)fst01123875
|
| 651 |
|
7 |
|a Albania.
|2 fast
|0 (OCoLC)fst01226682
|
| 655 |
|
0 |
|a Electronic journals.
|
| 776 |
0 |
8 |
|i Print version:
|t Academicus (Vlorë, Albania)
|x 2079-3715
|
| 856 |
4 |
0 |
|z Full text available from Research Library: 01/01/2010 to present
|u https://search.proquest.com/publication/2046179
|